Olympischer Medaillenspiegel - Trampolinturnen - Statistiken

Allgemein
  • Dieses Quiz wurde 23 mal gespielt
  • Das Durchschnittsergebnis liegt bei 6 aus 10
Antwortstatistiken
Gesamt Gold Silber Bronze Land % Korrekt
14 4 4 6 China
91%
2 1 0 1 Deutschland
87%
4 2 2 0 Russland
83%
2 0 1 1 Großbritannien
70%
7 2 3 2 Kanada
65%
2 1 1 0 Ukraine
52%
1 0 1 0 Australien
48%
2 2 0 0 Belarus
39%
1 0 0 1 Neuseeland
22%
1 0 0 1 Usbekistan
4%
Keine übereinstimmenden Quizze gefunden
Verteilung der Resultate
Anzahl Personen mit jedem Resultat
Perzentil nach korrekt beantworteten Fragen
Ihre Resultats-Entwicklung
Sie haben dieses Quiz noch nicht gespielt